000 00363 a2200157 4500
001 71053
020 _a9788525416025
040 _cAnchieta - Itaigara
100 _aBrowne, Dik
240 1 0 _aO melhor de Hagar, o horrĂ­vel
_lpor
245 1 0 _aO melhor de Hagar, o horrĂ­vel
300 _a141p.
362 0 _a2010
650 4 _aLiteratura juvenil
942 _cBK
999 _c71053
_d71053